| 000 | 01495cam a2200385 a 4500 | ||
|---|---|---|---|
| 001 | 12329293 | ||
| 003 | OSt | ||
| 005 | 20180116183023.0 | ||
| 008 | 010228s2001 nyu 000 1 eng | ||
| 010 | _a 2001025488 | ||
| 020 | _a0553801279 | ||
| 040 |
_aDLC _cDLC _dDLC |
||
| 043 | _ae-uk-en | ||
| 050 | 0 | 0 |
_aPS3557.E478 _bT72 2001b |
| 082 | 0 | 0 |
_a813.54 _221 |
| 100 | 1 |
_aGeorge, Elizabeth, _d1949- |
|
| 245 | 1 | 2 |
_aA traitor to memory . _cElizabeth George. |
| 260 |
_aNew York . _bBantam Books, _c2001. |
||
| 300 |
_a722 p. ; _c25 cm. |
||
| 500 | _aPaper Cover | ||
| 600 | 1 | 0 |
_aLynley, Thomas _vFiction. |
| 650 | 0 |
_aHavers, Barbara (Fictitious character) _vFiction. |
|
| 650 | 0 |
_aPolice _zEngland _zLondon _vFiction. |
|
| 650 | 0 |
_aHit-and-run drivers _vFiction. |
|
| 650 | 0 |
_aViolinists _vFiction. |
|
| 651 | 0 |
_aLondon (England) _vFiction. |
|
| 655 | 7 |
_aMystery fiction. _2gsafd |
|
| 700 | _aGeorge, Elizabeth, | ||
| 856 | 4 | 2 |
_3Contributor biographical information _uhttp://www.loc.gov/catdir/bios/random053/2001025488.html |
| 856 | 4 | 1 |
_3Sample text _uhttp://www.loc.gov/catdir/samples/random044/2001025488.html |
| 856 | 4 | 2 |
_3Publisher description _uhttp://www.loc.gov/catdir/description/random0411/2001025488.html |
| 906 |
_a7 _bcbc _corignew _d1 _eocip _f20 _gy-gencatlg |
||
| 942 |
_2ddc _cBK _k813.54 |
||
| 999 |
_c350687 _d350687 |
||